000 00757nam a2200193Ii 4500
003 JO-AjNU
008 230605s9999||||xx |||||||||||||| ||und||
040 _aJO-AjNU
_bara
_erda
_cJO-AjNU
041 _aara
050 1 4 _aPN6519.A7.F542 1979
100 3 _aتأليف وإختيار وتعريب فكري، علي,
_eauthor
_910766
245 0 0 _aالسمير المهذب: مجموعة قصص تهذيبية وحكايات خلقية وأمثال أدبية، الجزء الثاني
264 3 1 _aبيروت: دار الكتب العلمية، 1979
300 _aج2، 232ص
336 _atext
_btxt
_2rdacontent
337 _aunmediated
_bn
_2rdamedia
338 _avolume
_bnc
_2rdacarrier
650 4 _aالأدب العربي - قصص - أمثال
_910767
999 _aA1975
_c5543
_d5543